Transitare Revista de Turismo, Economia y Negocios (Запис № 418822)

МАРК-запис
000 -Лідер
fixed length control field 02089nam a22002777a 4500
003 - Ідентифікатор контрольного номера
control field UA-OsUOA
001 - Контрольний номер
control field 130654
007 - Фіксоване поле фізичного опису
fixed length control field ta
008 - Елементи даних фіксованої довжини – загальна інформація
fixed length control field 20180507b un ||||| |||| 00| 0 ukr d
090 ## - Локальний шифр розміщення
Авторський знак (НП) T-78
040 ## - Джерело каталогізації
Агенція оригінальної каталогізації UA-OsUOA
Агенція, яка здійснювала перезапис UA-OsUOA
Агенція, яка здійснювала модифікацію UA-OsUOA
022 ## - Міжнародний стандартний серіальний номер (ISSN)
Міжнародний стандартний серіальний номер (ISSN) 2395-9835
245 ## - Відомості про назву
Назва (НП) Transitare Revista de Turismo, Economia y Negocios
Дані про відповідальність (НП) Director de la revista cDr. Martin Alberto Rodriguez Brindis
260 ## - Публікація, розповсюдження і т.п. (Вихідні дані)
Дата публікації, розповсюдження і т.п. (П) 2017
246 31 - Інша форма назви
Назва (НП) 2
Номер частини/ розділ роботи (П)
520 3# - Резюме і т.п.
Резюме, реферат, анотація, тощо (НП) Transitare, Revista de Turismo, Economia y Negocios es una publicacion semestral editada por la Coordinacion de Investigacion y la Coordinacion de Publicaciones de la Universidad Anahuac Oaxaca. Transitare tiene como proposito difundir los resultados d
520 3# - Резюме і т.п.
Резюме, реферат, анотація, тощо (НП) e investigaciones teoricas y empiricas. Con su lanzamiento, la UAO se propone contribuir de manera activa al impulso cientifico academico de la region y promover la divulgacion de la ciencia en nuestro pais.El nombre Transitare representa el trans
520 3# - Резюме і т.п.
Резюме, реферат, анотація, тощо (НП) cender, el emprender un viaje para llegar a un estado mejor, conlleva el compromiso de mejora constante, compromiso que refleja la mision y la vision de nuestro cuerpo editorial.Transitare ha logrado integrar un Comite Editorial Cientifico conform
520 3# - Резюме і т.п.
Резюме, реферат, анотація, тощо (НП) ado por investigadores especialistas en su area y con amplia trayectoria academica, adscritos a instituciones de educacion superior del mas alto prestigio internacional. Estos expertos apoyaran al Comite Editorial de Transitare a asegurar y mantener l
520 3# - Резюме і т.п.
Резюме, реферат, анотація, тощо (НП) a calidad cientifica, su difusion y la consiguiente elevacion del impacto de la revista.La revista publica manuscritos originales de investigacion documental, empirica y de casos, asi como resenas de libros. Se consideran para su posible publicaci
520 3# - Резюме і т.п.
Резюме, реферат, анотація, тощо (НП) on trabajos terminados escritos en espanol o ingles, que no hayan sido publicados y que no esten siendo sometidos simultaneamente para su publicacion en otro medio.
650 #7 - Додаткове предметне введення – тематичний термін
Джерело заголовка чи терміна UDC
856 40 - Електронне місцезнаходження та доступ
Уніфікований ідентифікатор ресурсу (П) http://transitare.anahuacoaxaca.edu.mx/index.php/Transitare/issue/view/7/showToc
942 ## - Додаткові елементи входу (Коха)
Тип елемента Koha Номер журналу
955 ## - Код типу видання за змістом
Код типу видання за змістом (НП) Наукові видання

Немає доступних примірників.